| 000 | 00794cab a22002055a 4500 | ||
|---|---|---|---|
| 001 | L144273 | ||
| 008 | 080704e20080704xxkao f 000 0 eng d | ||
| 035 | _a(Sirsi) u144273 | ||
| 041 | 0 | _aeng | |
| 100 | 1 | _aDuxbury, Nick | |
| 245 | 0 | 0 |
_aRegional report _bHampshire, Dorset and Wiltshire |
| 260 | _c2008 | ||
| 490 | 0 |
_aProperty Week _v73(27) 4 July 2008, 93-101(6) |
|
| 520 | _aReports news and deals from around the region.Reports on how the market for beach huts is hotting up. Reports on a mixed-use development at Solstice Park on the A303 junction. Reports on speculative office development schemes in Southampton. | ||
| 590 | _aKA | ||
| 651 | 4 | _aHampshire | |
| 651 | 4 |
_aSouth West (England) _y1994- |
|
| 690 | _aPROPERTY-COMMERCIAL PROPERTY-COMMERCIAL PROPERTY MARKET | ||
| 942 | _n0 | ||
| 999 |
_c80413 _d80413 |
||